000 00889cam a22002651 4500
001 sa 63003900
003 DLC
005 20260227111945.0
008 711202s1962 ii cf 000 0 ita
010 _asa 63003900
035 _a(OCoLC)177530
040 _aDLC
_cODaWU
_dOCoLC
_dDLC
041 1 _aeng
_hita
042 _apremarc
050 0 0 _aLB775
_b.M7 1962
082 _a372.3
100 1 _aMontessori, Maria,
_d1870-1952.
245 1 4 _aThe discovery of the child.
250 _aRev. and enl. ed. of the Montessori method.
_bTranslated by Mary A. Johnstone.
260 _aMadras,
_bKalakshetra Publications
_c[1962]
300 _axiv, 398 p.
_bplates, port.
_c22 cm.
500 _aStamped on t.p.: Distributors for U.S.A. & Canada: Saint Leo Shop, Newport, R.I.
500 _aTranslation of Il methodo della pedagogia scientifica.
650 0 _aMontessori method of education.
999 _c55358
_d55358